<?xml version="1.0" encoding="UTF-8"?><?xml-stylesheet type="text/xsl" href="static/style.xsl"?><OAI-PMH xmlns="http://www.openarchives.org/OAI/2.0/" xmlns:xsi="http://www.w3.org/2001/XMLSchema-instance" xsi:schemaLocation="http://www.openarchives.org/OAI/2.0/ http://www.openarchives.org/OAI/2.0/OAI-PMH.xsd"><responseDate>2026-04-14T05:29:00Z</responseDate><request verb="GetRecord" identifier="oai:www.recercat.cat:2445/218229" metadataPrefix="marc">https://recercat.cat/oai/request</request><GetRecord><record><header><identifier>oai:recercat.cat:2445/218229</identifier><datestamp>2025-12-05T10:30:47Z</datestamp><setSpec>com_2072_1057</setSpec><setSpec>col_2072_478770</setSpec><setSpec>col_2072_478917</setSpec></header><metadata><record xmlns="http://www.loc.gov/MARC21/slim" xmlns:dcterms="http://purl.org/dc/terms/" xmlns:xsi="http://www.w3.org/2001/XMLSchema-instance" xmlns:doc="http://www.lyncode.com/xoai" xsi:schemaLocation="http://www.loc.gov/MARC21/slim http://www.loc.gov/standards/marcxml/schema/MARC21slim.xsd">
   <leader>00925njm 22002777a 4500</leader>
   <datafield ind2=" " ind1=" " tag="042">
      <subfield code="a">dc</subfield>
   </datafield>
   <datafield ind2=" " ind1=" " tag="720">
      <subfield code="a">Mancinelli, Fabiola</subfield>
      <subfield code="e">author</subfield>
   </datafield>
   <datafield ind2=" " ind1=" " tag="260">
      <subfield code="c">2025-01-30T14:47:59Z</subfield>
   </datafield>
   <datafield ind2=" " ind1=" " tag="260">
      <subfield code="c">2025-01-30T14:47:59Z</subfield>
   </datafield>
   <datafield ind2=" " ind1=" " tag="260">
      <subfield code="c">2009</subfield>
   </datafield>
   <datafield ind2=" " ind1=" " tag="260">
      <subfield code="c">2025-01-30T14:48:00Z</subfield>
   </datafield>
   <datafield ind2=" " ind1=" " tag="520">
      <subfield code="a">[spa] El presente artículo se propone describir y caracterizar la experiencia de los turistas norteamericanos de viaje por la Europa Mediterránea, en el contexto de los viajes educativos, tratando de evidenciar las dinámicas, las contradicciones y las múltiples narrativas que se desarrollan, durante un viaje organizado, entre individuo y grupo, entre expectativas y realidad, entre discursos y prácticas. A nivel de las prácticas, la investigación describe la naturaleza dicotómica, subjetiva y objetiva a la vez, de la burbuja ambiental en la que los turistas viven su experiencia. A nivel de discursos, el análisis se centra en la dialéctica entre la dimensión cognitiva del viaje, su imaginación, y su dimensión real, de vivencia.</subfield>
   </datafield>
   <datafield ind2=" " ind1=" " tag="520">
      <subfield code="a">[eng] The present article focuses on the experience of groups of predominantly American teenagers&#xd;
tourists traveling to Mediterranean Europe on educational tours, and is aimed at analyzing the dynamics,&#xd;
the contradictions and the multiple narratives taking place, during an organized tour, between individual&#xd;
and group, expectations and reality, narratives and performances. At the level of performances, the re-&#xd;
search focuses on the dual nature of the environmental bubble, the structure consistent with the organiza-&#xd;
tion of a package tour. At the level of discourses, the analysis focuses on the dialectic and the contrast&#xd;
between the trip as imagined and the trip as lived.</subfield>
   </datafield>
   <datafield tag="653" ind2=" " ind1=" ">
      <subfield code="a">Nord-americans</subfield>
   </datafield>
   <datafield tag="653" ind2=" " ind1=" ">
      <subfield code="a">Viatges combinats</subfield>
   </datafield>
   <datafield tag="653" ind2=" " ind1=" ">
      <subfield code="a">Europa del Sud</subfield>
   </datafield>
   <datafield tag="653" ind2=" " ind1=" ">
      <subfield code="a">Turisme cultural</subfield>
   </datafield>
   <datafield tag="653" ind2=" " ind1=" ">
      <subfield code="a">Americans</subfield>
   </datafield>
   <datafield tag="653" ind2=" " ind1=" ">
      <subfield code="a">Package tours</subfield>
   </datafield>
   <datafield tag="653" ind2=" " ind1=" ">
      <subfield code="a">Southern Europe</subfield>
   </datafield>
   <datafield tag="653" ind2=" " ind1=" ">
      <subfield code="a">Heritage tourism</subfield>
   </datafield>
   <datafield ind2="0" ind1="0" tag="245">
      <subfield code="a">More pins on the map. Las prácticas y los discursos de los turistas americanos de viaje por la Europa Mediterránea</subfield>
   </datafield>
</record></metadata></record></GetRecord></OAI-PMH>